Úloha matematických modelů a výpočetní techniky v ekonomii

Saved in:
Bibliographic Details
Format: Book
Language:Czech
Published: Praha VŠE 1990
Edition:1. vyd.
Tags: Add Tag
No Tags, Be the first to tag this record!

MARC

LEADER 00000nam a2200000 4500
001 c033592
005 20221215120910.8
041 0 |a cze 
044 |a CZ 
245 1 0 |a Úloha matematických modelů a výpočetní techniky v ekonomii 
250 |a 1. vyd. 
264 1 |a Praha  |b VŠE  |c 1990 
300 |a 183 s.